[Event "High League 2022 men"]
[Site "Obninsk"]
[Date "2022.07.04"]
[Round "8.16"]
[White "Paravyan, David"]
[Black "Remizov, Yaroslav"]
[Result "1-0"]
[LiveChessVersion "1.4.7"]
[BlackElo "2390"]
[WhiteElo "2620"]

1. e4 {[%clk 1:30:48]} c5 {[%clk 1:30:56]} 2. Nf3 {[%clk 1:31:14]} e6
{[%clk 1:31:11]} 3. d4 {[%clk 1:31:39]} cxd4 {[%clk 1:31:37]} 4. Nxd4
{[%clk 1:32:07]} Nf6 {[%clk 1:32:01]} 5. Nc3 {[%clk 1:32:34]} Nc6
{[%clk 1:32:26]} 6. Be2 {[%clk 1:33:00]} Bb4 {[%clk 1:31:35]} 7. O-O
{[%clk 1:33:22]} d6 {[%clk 1:26:05]} 8. Na4 {[%clk 1:05:33]} e5 {[%clk 1:20:40]}
9. Nxc6 {[%clk 0:57:58]} bxc6 {[%clk 1:21:06]} 10. Qd3 {[%clk 0:58:13]} O-O
{[%clk 1:16:30]} 11. Bg5 {[%clk 0:55:05]} h6 {[%clk 1:15:35]} 12. Bxf6
{[%clk 0:43:35]} Qxf6 {[%clk 1:15:54]} 13. Qc4 {[%clk 0:43:40]} c5
{[%clk 1:09:56]} 14. a3 {[%clk 0:28:09]} Ba5 {[%clk 1:10:21]} 15. b4
{[%clk 0:20:18]} Bb6 {[%clk 1:04:47]} 16. b5 {[%clk 0:19:22]} Be6
{[%clk 0:53:26]} 17. Qd3 {[%clk 0:16:56]} c4 {[%clk 0:52:54]} 18. Qxd6
{[%clk 0:16:56]} Rad8 {[%clk 0:49:51]} 19. Qb4 {[%clk 0:17:19]} Qg6
{[%clk 0:49:35]} 20. Nxb6 {[%clk 0:16:07]} axb6 {[%clk 0:50:03]} 21. Bf3
{[%clk 0:16:21]} f5 {[%clk 0:50:19]} 22. Rae1 {[%clk 0:11:16]} Rd4
{[%clk 0:49:46]} 23. exf5 {[%clk 0:11:36]} Bxf5 {[%clk 0:42:34]} 24. c3
{[%clk 0:06:17]} Rd3 {[%clk 0:36:56]} 25. Bc6 {[%clk 0:05:02]} Qe6
{[%clk 0:33:04]} 26. a4 {[%clk 0:04:21]} Rd2 {[%clk 0:31:57]} 27. Rd1
{[%clk 0:02:36]} Rxd1 {[%clk 0:30:16]} 28. Rxd1 {[%clk 0:03:02]} Bd3
{[%clk 0:30:43]} 29. Qb2 {[%clk 0:02:10]} e4 {[%clk 0:29:55]} 30. Qd2
{[%clk 0:02:09]} Rf5 {[%clk 0:29:21]} 31. Qe3 {[%clk 0:01:59]} Qe5
{[%clk 0:21:37]} 32. Rc1 {[%clk 0:02:25]} Kh7 {[%clk 0:14:46]} 33. h3
{[%clk 0:02:06]} Rf4 {[%clk 0:08:33]} 34. Qxb6 {[%clk 0:01:58]} Rf3
{[%clk 0:08:59]} 35. Qd4 {[%clk 0:00:53]} Qe7 {[%clk 0:07:39]} 36. Re1
{[%clk 0:01:05]} Rf4 {[%clk 0:07:59]} 37. a5 {[%clk 0:00:58]} Rh4
{[%clk 0:08:05]} 38. a6 {[%clk 0:00:43]} Qg5 {[%clk 0:08:04]} 39. Qe3
{[%clk 0:01:06]} 1-0

[Event "High League 2022 men"]
[Site "Obninsk"]
[Date "2022.07.04"]
[Round "8.17"]
[White "Belyakov, Bogdan"]
[Black "Kotenko, Pavel"]
[Result "0-1"]
[LiveChessVersion "1.4.7"]
[BlackElo "2323"]
[WhiteElo "2448"]

1. e4 {[%clk 1:30:53]} e5 {[%clk 1:30:56]} 2. Nf3 {[%clk 1:31:13]} Nf6
{[%clk 1:31:22]} 3. Nc3 {[%clk 1:29:05]} Nc6 {[%clk 1:31:47]} 4. Bb5
{[%clk 1:29:09]} Bb4 {[%clk 1:31:38]} 5. O-O {[%clk 1:28:57]} O-O
{[%clk 1:32:00]} 6. Bxc6 {[%clk 1:28:17]} dxc6 {[%clk 1:32:19]} 7. d3
{[%clk 1:28:37]} Bd6 {[%clk 1:31:13]} 8. Ne2 {[%clk 1:23:41]} c5 {[%clk 1:26:59]}
9. Ng3 {[%clk 1:23:16]} Re8 {[%clk 1:20:16]} 10. Nd2 {[%clk 1:16:58]} Be6
{[%clk 1:15:16]} 11. Nc4 {[%clk 1:10:50]} Bxc4 {[%clk 1:11:21]} 12. dxc4
{[%clk 1:11:13]} Nd7 {[%clk 1:09:18]} 13. Qg4 {[%clk 1:06:43]} Nf8
{[%clk 1:03:04]} 14. Bg5 {[%clk 1:05:11]} f6 {[%clk 0:56:43]} 15. Be3
{[%clk 1:03:59]} Qd7 {[%clk 0:46:59]} 16. Nf5 {[%clk 1:00:37]} Rad8
{[%clk 0:45:17]} 17. h4 {[%clk 0:53:48]} Ne6 {[%clk 0:39:41]} 18. c3
{[%clk 0:50:09]} Kh8 {[%clk 0:36:54]} 19. h5 {[%clk 0:47:55]} Qf7
{[%clk 0:34:08]} 20. g3 {[%clk 0:43:58]} Bf8 {[%clk 0:30:43]} 21. Kg2
{[%clk 0:33:26]} Rd7 {[%clk 0:26:58]} 22. Rh1 {[%clk 0:33:02]} Red8
{[%clk 0:25:49]} 23. Rh4 {[%clk 0:32:15]} c6 {[%clk 0:22:41]} 24. Rah1
{[%clk 0:27:02]} b5 {[%clk 0:19:46]} 25. Qg6 {[%clk 0:19:56]} b4 {[%clk 0:14:22]}
26. cxb4 {[%clk 0:12:50]} cxb4 {[%clk 0:14:44]} 27. b3 {[%clk 0:13:09]} a5
{[%clk 0:11:28]} 28. Qg4 {[%clk 0:07:31]} a4 {[%clk 0:07:35]} 29. Qe2
{[%clk 0:04:39]} axb3 {[%clk 0:06:29]} 30. axb3 {[%clk 0:05:08]} Bc5
{[%clk 0:06:29]} 31. Bxc5 {[%clk 0:03:39]} Nxc5 {[%clk 0:06:55]} 32. Qe3
{[%clk 0:04:03]} Qf8 {[%clk 0:04:37]} 33. Rg4 {[%clk 0:04:28]} Rd3
{[%clk 0:04:37]} 34. Qe1 {[%clk 0:04:52]} Ne6 {[%clk 0:04:38]} 35. Qb1
{[%clk 0:02:30]} Rd2 {[%clk 0:03:14]} 36. Rf1 {[%clk 0:02:40]} Qc5
{[%clk 0:03:10]} 37. Qa1 {[%clk 0:03:01]} Nd4 {[%clk 0:01:49]} 38. Rd1
{[%clk 0:01:58]} Rxf2+ {[%clk 0:01:15]} 39. Kh3 {[%clk 0:01:34]} Rg8
{[%clk 0:00:58]} 40. Nxd4 {[%clk 0:30:33]} exd4 {[%clk 0:31:09]} 41. Qxd4
{[%clk 0:28:12]} Qxh5+ {[%clk 0:29:42]} 42. Rh4 {[%clk 0:28:37]} Qe2
{[%clk 0:29:48]} 43. Rh1 {[%clk 0:28:27]} g5 {[%clk 0:29:22]} 44. e5
{[%clk 0:28:09]} gxh4 {[%clk 0:29:08]} 45. exf6 {[%clk 0:28:33]} Qe6+
{[%clk 0:28:45]} 0-1

[Event "High League 2022 men"]
[Site "Obninsk"]
[Date "2022.07.04"]
[Round "8.18"]
[White "Obgolts, Erik"]
[Black "Goltsev, Dmitry"]
[Result "1-0"]
[LiveChessVersion "1.4.7"]
[BlackElo "2294"]
[WhiteElo "2435"]

1. Nf3 {[%clk 1:30:50]} d5 {[%clk 1:30:52]} 2. d4 {[%clk 1:30:53]} Nf6
{[%clk 1:31:16]} 3. Bf4 {[%clk 1:31:19]} Bf5 {[%clk 1:30:49]} 4. c4
{[%clk 1:30:29]} c6 {[%clk 1:30:41]} 5. e3 {[%clk 1:30:07]} e6 {[%clk 1:30:40]}
6. Qb3 {[%clk 1:23:50]} b6 {[%clk 1:16:28]} 7. Nbd2 {[%clk 1:12:52]} Bd6
{[%clk 1:15:13]} 8. Bg3 {[%clk 1:12:26]} O-O {[%clk 1:14:26]} 9. Be2
{[%clk 1:12:49]} Bxg3 {[%clk 1:12:50]} 10. hxg3 {[%clk 1:13:16]} Nbd7
{[%clk 1:10:32]} 11. O-O {[%clk 1:11:51]} h6 {[%clk 1:10:30]} 12. Rfc1
{[%clk 1:10:22]} c5 {[%clk 1:09:51]} 13. cxd5 {[%clk 1:09:21]} exd5
{[%clk 1:09:28]} 14. a4 {[%clk 1:07:40]} a6 {[%clk 1:03:54]} 15. dxc5
{[%clk 1:00:50]} bxc5 {[%clk 1:03:59]} 16. Qa3 {[%clk 1:01:03]} Re8
{[%clk 1:01:46]} 17. Bf1 {[%clk 0:59:50]} Ng4 {[%clk 0:51:09]} 18. Nb3
{[%clk 0:54:17]} c4 {[%clk 0:49:24]} 19. Nbd4 {[%clk 0:54:20]} Bh7
{[%clk 0:48:10]} 20. b3 {[%clk 0:45:13]} cxb3 {[%clk 0:43:01]} 21. Qxb3
{[%clk 0:43:27]} Ndf6 {[%clk 0:43:21]} 22. Ra2 {[%clk 0:36:32]} Ne4
{[%clk 0:41:32]} 23. Qb7 {[%clk 0:33:33]} Re7 {[%clk 0:37:56]} 24. Qc6
{[%clk 0:33:14]} Rd7 {[%clk 0:37:24]} 25. Bxa6 {[%clk 0:30:32]} Rd6
{[%clk 0:33:54]} 26. Qxa8 {[%clk 0:30:54]} Qxa8 {[%clk 0:34:22]} 27. Rc8+
{[%clk 0:31:16]} Rd8 {[%clk 0:34:25]} 28. Rxa8 {[%clk 0:31:42]} Rxa8
{[%clk 0:34:53]} 29. Bb5 {[%clk 0:29:25]} Nc5 {[%clk 0:29:18]} 30. a5
{[%clk 0:22:40]} Bd3 {[%clk 0:29:34]} 31. Bxd3 {[%clk 0:21:28]} Nxd3
{[%clk 0:29:14]} 32. Nc6 {[%clk 0:21:11]} Kh7 {[%clk 0:28:01]} 33. Nfd4
{[%clk 0:17:36]} Ra6 {[%clk 0:27:34]} 34. Nb8 {[%clk 0:15:29]} Ra8
{[%clk 0:27:56]} 35. Ndc6 {[%clk 0:15:12]} Nge5 {[%clk 0:26:07]} 36. a6
{[%clk 0:14:33]} Nc4 {[%clk 0:23:26]} 37. a7 {[%clk 0:14:34]} Nc5
{[%clk 0:23:48]} 38. Nd4 {[%clk 0:09:59]} Nd6 {[%clk 0:22:35]} 39. Nbc6
{[%clk 0:09:47]} Nc4 {[%clk 0:21:46]} 40. Ra1 {[%clk 0:39:08]} Nb6
{[%clk 0:50:57]} 41. Ra5 {[%clk 0:37:36]} Ncd7 {[%clk 0:51:08]} 42. Kf1
{[%clk 0:35:47]} g6 {[%clk 0:50:21]} 43. Ke2 {[%clk 0:35:54]} Kg7
{[%clk 0:50:46]} 44. Kd3 {[%clk 0:35:24]} Rc8 {[%clk 0:50:55]} 45. Rb5
{[%clk 0:35:11]} h5 {[%clk 0:48:42]} 46. Kc3 {[%clk 0:34:53]} g5 {[%clk 0:44:42]}
47. Kb4 {[%clk 0:35:03]} 1-0

[Event "High League 2022 men"]
[Site "Obninsk"]
[Date "2022.07.04"]
[Round "8.19"]
[White "Grigorjev, Iljya"]
[Black "Shapiro, David"]
[Result "0-1"]
[LiveChessVersion "1.4.7"]
[BlackElo "2393"]
[WhiteElo "2350"]

1. e4 {[%clk 1:30:48]} c6 {[%clk 1:30:56]} 2. d4 {[%clk 1:31:12]} d5
{[%clk 1:31:22]} 3. e5 {[%clk 1:31:36]} Bf5 {[%clk 1:31:47]} 4. Nf3
{[%clk 1:31:58]} e6 {[%clk 1:32:13]} 5. Be2 {[%clk 1:32:22]} Ne7 {[%clk 1:32:34]}
6. O-O {[%clk 1:32:35]} c5 {[%clk 1:32:58]} 7. c3 {[%clk 1:28:12]} Nec6
{[%clk 1:32:42]} 8. dxc5 {[%clk 1:22:49]} Bxc5 {[%clk 1:31:48]} 9. b4
{[%clk 1:22:34]} Bb6 {[%clk 1:26:13]} 10. a4 {[%clk 1:19:11]} Nd7
{[%clk 1:21:00]} 11. a5 {[%clk 1:16:37]} Bc7 {[%clk 1:21:10]} 12. a6
{[%clk 1:17:02]} bxa6 {[%clk 1:17:04]} 13. Nd4 {[%clk 1:11:35]} Nxd4
{[%clk 1:11:47]} 14. cxd4 {[%clk 1:11:32]} O-O {[%clk 1:11:50]} 15. Bxa6
{[%clk 1:06:30]} Nxe5 {[%clk 1:02:32]} 16. dxe5 {[%clk 1:06:43]} Bxe5
{[%clk 1:02:59]} 17. Qa4 {[%clk 1:07:06]} Qf6 {[%clk 1:02:56]} 0-1

[Event "High League 2022 men"]
[Site "Obninsk"]
[Date "2022.07.04"]
[Round "8.20"]
[White "Shakirov, Marat"]
[Black "Ekdyshman, Mikhail"]
[Result "0-1"]
[LiveChessVersion "1.4.7"]
[BlackElo "2307"]
[WhiteElo "2290"]

1. d4 {[%clk 1:30:57]} d5 {[%clk 1:30:53]} 2. c4 {[%clk 1:31:21]} e6
{[%clk 1:31:18]} 3. Nf3 {[%clk 1:31:47]} Nf6 {[%clk 1:31:03]} 4. g3
{[%clk 1:31:55]} Be7 {[%clk 1:30:39]} 5. Bg2 {[%clk 1:32:19]} O-O
{[%clk 1:30:55]} 6. O-O {[%clk 1:32:36]} dxc4 {[%clk 1:31:11]} 7. Qc2
{[%clk 1:32:36]} a6 {[%clk 1:31:06]} 8. a4 {[%clk 1:32:51]} Bd7 {[%clk 1:29:39]}
9. Rd1 {[%clk 1:32:28]} Bc6 {[%clk 1:29:37]} 10. Nc3 {[%clk 1:29:41]} Bxf3
{[%clk 1:21:33]} 11. Bxf3 {[%clk 1:29:58]} Nc6 {[%clk 1:21:58]} 12. Bxc6
{[%clk 1:30:20]} bxc6 {[%clk 1:22:27]} 13. a5 {[%clk 1:30:45]} Rb8
{[%clk 1:19:53]} 14. Ra4 {[%clk 1:30:24]} Rb4 {[%clk 1:08:02]} 15. Rxb4
{[%clk 1:27:10]} Bxb4 {[%clk 1:08:08]} 16. Na2 {[%clk 1:27:34]} Bxa5
{[%clk 1:08:05]} 17. Qxc4 {[%clk 1:28:01]} Qd5 {[%clk 1:08:14]} 18. Qxd5
{[%clk 1:27:23]} cxd5 {[%clk 1:08:29]} 19. b4 {[%clk 1:26:22]} Bb6
{[%clk 1:08:50]} 20. Bf4 {[%clk 1:26:28]} h6 {[%clk 1:02:49]} 21. h4
{[%clk 1:26:17]} Ra8 {[%clk 0:53:49]} 22. e3 {[%clk 1:17:22]} a5 {[%clk 0:46:52]}
23. Rc1 {[%clk 1:17:37]} Ne8 {[%clk 0:40:04]} 24. bxa5 {[%clk 1:16:30]} Rxa5
{[%clk 0:40:21]} 25. Nb4 {[%clk 1:16:54]} c5 {[%clk 0:35:46]} 26. Nc6
{[%clk 1:14:18]} Rb5 {[%clk 0:36:03]} 27. Ra1 {[%clk 1:14:42]} f6
{[%clk 0:33:03]} 28. Ra8 {[%clk 1:12:46]} Kf7 {[%clk 0:33:23]} 29. Rb8
{[%clk 1:12:43]} c4 {[%clk 0:29:00]} 30. e4 {[%clk 0:54:35]} c3 {[%clk 0:19:44]}
31. Kg2 {[%clk 0:42:16]} c2 {[%clk 0:17:33]} 32. Rb7+ {[%clk 0:26:18]} Bc7
{[%clk 0:15:26]} 33. Ra7 {[%clk 0:26:44]} Kf8 {[%clk 0:15:07]} 34. e5
{[%clk 0:25:10]} Rb1 {[%clk 0:14:15]} 35. Ne7 {[%clk 0:24:05]} Kxe7
{[%clk 0:14:18]} 36. exf6+ {[%clk 0:24:31]} Kxf6 0-1

[Event "High League 2022 men"]
[Site "Obninsk"]
[Date "2022.07.04"]
[Round "8.21"]
[White "Sutormin, Danila"]
[Black "Abrekov, Mussa"]
[Result "1-0"]
[LiveChessVersion "1.4.7"]
[BlackElo "2133"]
[WhiteElo "2382"]

1. e4 {[%clk 1:28:30]} c6 {[%clk 1:29:26]} 2. d4 {[%clk 1:28:45]} d5
{[%clk 1:29:49]} 3. Nc3 {[%clk 1:29:11]} dxe4 {[%clk 1:30:13]} 4. Nxe4
{[%clk 1:29:39]} Nf6 {[%clk 1:30:31]} 5. Nxf6+ {[%clk 1:30:04]} exf6
{[%clk 1:30:53]} 6. c3 {[%clk 1:30:28]} Bd6 {[%clk 1:31:18]} 7. Bd3
{[%clk 1:30:52]} Na6 {[%clk 1:31:27]} 8. Ne2 {[%clk 1:30:38]} Nc7
{[%clk 1:31:41]} 9. Qc2 {[%clk 1:24:12]} h5 {[%clk 1:31:49]} 10. Bd2
{[%clk 1:21:54]} Kf8 {[%clk 1:26:38]} 11. c4 {[%clk 1:16:14]} Ne6
{[%clk 1:14:38]} 12. O-O-O {[%clk 1:13:42]} g6 {[%clk 1:13:38]} 13. h3
{[%clk 1:04:55]} b5 {[%clk 1:00:40]} 14. c5 {[%clk 1:03:19]} Bc7 {[%clk 0:55:49]}
15. Be4 {[%clk 1:03:04]} Bb7 {[%clk 0:53:25]} 16. g4 {[%clk 1:01:56]} Kg7
{[%clk 0:51:19]} 17. Kb1 {[%clk 0:46:50]} Qd7 {[%clk 0:47:31]} 18. Rhg1
{[%clk 0:33:39]} hxg4 {[%clk 0:37:11]} 19. Rxg4 {[%clk 0:33:45]} Rag8
{[%clk 0:37:16]} 20. f4 {[%clk 0:31:58]} Kf8 {[%clk 0:31:23]} 21. f5
{[%clk 0:32:10]} gxf5 {[%clk 0:30:42]} 22. Bxf5 {[%clk 0:31:33]} Rxg4
{[%clk 0:30:47]} 23. Bxg4 {[%clk 0:31:55]} Qd5 {[%clk 0:30:04]} 24. Nc3
{[%clk 0:31:32]} Qd8 {[%clk 0:28:23]} 25. Bxe6 {[%clk 0:29:48]} fxe6
{[%clk 0:28:52]} 26. Qg6 {[%clk 0:30:12]} Rxh3 {[%clk 0:25:53]} 27. Rg1
{[%clk 0:27:52]} Ke7 {[%clk 0:25:30]} 28. Qg7+ {[%clk 0:27:52]} Ke8
{[%clk 0:25:40]} 29. Ne4 {[%clk 0:22:26]} 1-0

[Event "High League 2022 men"]
[Site "Obninsk"]
[Date "2022.07.05"]
[Round "9.1"]
[White "Iljiushenok, Ilia"]
[Black "Sjugirov, Sanan"]
[Result "1/2-1/2"]
[LiveChessVersion "1.4.7"]
[BlackElo "2696"]
[WhiteElo "2540"]

1. e4 {[%clk 1:30:56]} c5 {[%clk 1:30:07]} 2. Nf3 {[%clk 1:31:20]} Nc6
{[%clk 1:30:30]} 3. Bb5 {[%clk 1:30:02]} e6 {[%clk 1:30:39]} 4. Bxc6
{[%clk 1:29:03]} bxc6 {[%clk 1:30:27]} 5. d3 {[%clk 1:29:13]} Qc7
{[%clk 1:30:46]} 6. Qe2 {[%clk 1:28:51]} e5 {[%clk 1:19:12]} 7. Nfd2
{[%clk 1:28:10]} d6 {[%clk 1:03:09]} 8. f4 {[%clk 1:26:53]} f6 {[%clk 0:59:26]}
9. Nf3 {[%clk 1:12:37]} exf4 {[%clk 0:56:08]} 10. Bxf4 {[%clk 1:11:08]} Ne7
{[%clk 0:55:10]} 11. Nc3 {[%clk 1:07:33]} 1/2-1/2

[Event "High League 2022 men"]
[Site "Obninsk"]
[Date "2022.07.05"]
[Round "9.2"]
[White "Artemiev, Vladislav"]
[Black "Kobalia, Mikhail"]
[Result "1-0"]
[LiveChessVersion "1.4.7"]
[BlackElo "2590"]
[WhiteElo "2697"]

1. d4 {[%clk 1:30:53]} f5 {[%clk 1:30:10]} 2. g3 {[%clk 1:30:01]} Nf6
{[%clk 1:30:23]} 3. Bg2 {[%clk 1:30:15]} g6 {[%clk 1:30:36]} 4. Nf3
{[%clk 1:29:54]} Bg7 {[%clk 1:30:53]} 5. O-O {[%clk 1:30:03]} O-O
{[%clk 1:31:19]} 6. b3 {[%clk 1:30:16]} d6 {[%clk 1:31:44]} 7. Bb2
{[%clk 1:30:16]} Ne4 {[%clk 1:32:08]} 8. Nbd2 {[%clk 1:27:01]} Nc6
{[%clk 1:32:27]} 9. Ne1 {[%clk 1:26:27]} Ng5 {[%clk 1:32:01]} 10. f4
{[%clk 1:25:19]} Nf7 {[%clk 1:32:21]} 11. Nc4 {[%clk 1:25:11]} e6
{[%clk 1:31:35]} 12. e3 {[%clk 1:20:02]} Ne7 {[%clk 1:31:30]} 13. Nd3
{[%clk 1:05:56]} Rb8 {[%clk 1:27:02]} 14. a4 {[%clk 0:53:48]} b6 {[%clk 1:24:49]}
15. Qe2 {[%clk 0:47:08]} Bb7 {[%clk 1:22:44]} 16. Bxb7 {[%clk 0:45:42]} Rxb7
{[%clk 1:22:50]} 17. Nd2 {[%clk 0:39:50]} Qd7 {[%clk 1:18:09]} 18. Nf3
{[%clk 0:28:38]} Nd5 {[%clk 1:06:40]} 19. c4 {[%clk 0:20:02]} Nf6
{[%clk 1:04:41]} 20. Rad1 {[%clk 0:15:41]} a6 {[%clk 0:56:00]} 21. Nde5
{[%clk 0:07:29]} Qe8 {[%clk 0:49:52]} 22. Nxf7 {[%clk 0:07:52]} Rxf7
{[%clk 0:50:17]} 23. Nd2 {[%clk 0:06:22]} b5 {[%clk 0:46:53]} 24. axb5
{[%clk 0:06:06]} axb5 {[%clk 0:47:21]} 25. Bc3 {[%clk 0:05:54]} Qc6
{[%clk 0:16:32]} 26. Qg2 {[%clk 0:03:28]} d5 {[%clk 0:16:59]} 27. Ra1
{[%clk 0:01:55]} Rb8 {[%clk 0:12:40]} 28. c5 {[%clk 0:01:02]} b4 {[%clk 0:12:19]}
29. Bb2 {[%clk 0:01:28]} Qb5 {[%clk 0:12:48]} 30. Rfe1 {[%clk 0:00:58]} Nd7
{[%clk 0:12:05]} 31. Ra2 {[%clk 0:00:38]} Rff8 {[%clk 0:07:19]} 32. Qf1
{[%clk 0:01:02]} Qb7 {[%clk 0:06:56]} 33. Rea1 {[%clk 0:00:50]} Ra8
{[%clk 0:06:46]} 34. Rxa8 {[%clk 0:00:56]} Rxa8 {[%clk 0:07:15]} 35. Rxa8+
{[%clk 0:01:19]} Qxa8 {[%clk 0:07:44]} 36. Qb5 {[%clk 0:01:11]} c6
{[%clk 0:07:29]} 37. Qxb4 Qa6 38. Kf2 {[%clk 0:00:35]} Qd3 {[%clk 0:08:13]} 39.
Nf1 {[%clk 0:00:32]} Nf6 {[%clk 0:08:27]} 40. Kg1 {[%clk 0:30:33]} Ne4
{[%clk 0:37:39]} 41. Qe1 {[%clk 0:27:11]} Nxc5 {[%clk 0:36:38]} 42. Qa5
{[%clk 0:24:08]} Nd7 {[%clk 0:15:42]} 43. Qa8+ {[%clk 0:17:46]} Nf8
{[%clk 0:13:42]} 44. Ba3 {[%clk 0:18:09]} Qxb3 {[%clk 0:13:54]} 45. Bc5
{[%clk 0:18:10]} Qb5 {[%clk 0:11:56]} 46. Qc8 {[%clk 0:17:57]} Kf7
{[%clk 0:12:15]} 47. h3 {[%clk 0:14:38]} h5 {[%clk 0:11:33]} 48. h4
{[%clk 0:05:56]} Qa4 {[%clk 0:11:35]} 49. Qc7+ {[%clk 0:05:08]} Kg8
{[%clk 0:12:00]} 50. Qd8 {[%clk 0:05:22]} Qd1 {[%clk 0:02:50]} 51. Qe8
{[%clk 0:05:23]} Qg4 {[%clk 0:03:19]} 52. Qxc6 {[%clk 0:01:50]} Qf3
{[%clk 0:02:58]} 53. Qe8 {[%clk 0:01:59]} Qg4 {[%clk 0:02:40]} 54. Bd6
{[%clk 0:01:41]} Bh6 {[%clk 0:03:04]} 55. Kf2 {[%clk 0:01:39]} Bg7
{[%clk 0:03:34]} 56. Bxf8 {[%clk 0:01:16]} Bxf8 {[%clk 0:04:02]} 57. Qxe6+
{[%clk 0:01:15]} Kg7 {[%clk 0:04:22]} 58. Qd7+ {[%clk 0:00:54]} Kh6
{[%clk 0:04:45]} 59. Qxd5 {[%clk 0:01:09]} Qd1 {[%clk 0:05:13]} 60. Qc4
{[%clk 0:01:07]} Kg7 {[%clk 0:04:37]} 61. Nh2 {[%clk 0:01:08]} Qb1
{[%clk 0:04:59]} 62. Nf3 {[%clk 0:01:24]} Bb4 {[%clk 0:05:27]} 63. Ne5
{[%clk 0:00:52]} Kh6 {[%clk 0:05:40]} 64. Qa6 {[%clk 0:00:36]} Be1+
{[%clk 0:05:27]} 65. Ke2 {[%clk 0:00:46]} 1-0

[Event "High League 2022 men"]
[Site "Obninsk"]
[Date "2022.07.05"]
[Round "9.3"]
[White "Rakhmanov, Aleksandr"]
[Black "Kokarev, Dmitry"]
[Result "1-0"]
[LiveChessVersion "1.4.7"]
[BlackElo "2582"]
[WhiteElo "2635"]

1. d4 {[%clk 1:30:50]} Nf6 {[%clk 1:30:49]} 2. c4 {[%clk 1:30:00]} g6
{[%clk 1:31:09]} 3. Nc3 {[%clk 1:30:20]} Bg7 {[%clk 1:31:31]} 4. e4
{[%clk 1:30:12]} d6 {[%clk 1:31:53]} 5. Nf3 {[%clk 1:29:17]} O-O {[%clk 1:32:12]}
6. Be2 {[%clk 1:29:17]} e5 {[%clk 1:32:05]} 7. O-O {[%clk 1:27:54]} Bg4
{[%clk 1:32:14]} 8. d5 {[%clk 1:23:17]} a5 {[%clk 1:32:13]} 9. Be3
{[%clk 1:18:52]} Na6 {[%clk 1:32:26]} 10. Nd2 {[%clk 1:15:59]} Bd7
{[%clk 1:28:47]} 11. a3 {[%clk 1:12:21]} b6 {[%clk 1:18:38]} 12. Rb1
{[%clk 1:08:38]} h5 {[%clk 1:18:25]} 13. h3 {[%clk 1:03:30]} Nh7 {[%clk 1:18:03]}
14. Qc2 {[%clk 1:00:40]} f5 {[%clk 1:12:16]} 15. exf5 {[%clk 0:59:00]} gxf5
{[%clk 1:04:39]} 16. f4 {[%clk 0:58:07]} Nc5 {[%clk 0:54:11]} 17. fxe5
{[%clk 0:49:02]} dxe5 {[%clk 0:48:47]} 18. b4 {[%clk 0:45:05]} axb4
{[%clk 0:48:54]} 19. axb4 {[%clk 0:45:17]} Na4 {[%clk 0:41:23]} 20. Nb5
{[%clk 0:37:47]} Bxb5 {[%clk 0:32:20]} 21. cxb5 {[%clk 0:37:57]} e4
{[%clk 0:32:45]} 22. Rb3 {[%clk 0:34:09]} Qd6 {[%clk 0:18:20]} 23. Bf4
{[%clk 0:27:59]} Qf6 {[%clk 0:18:33]} 24. Kh1 {[%clk 0:21:03]} Nc3
{[%clk 0:13:20]} 25. Bc4 {[%clk 0:19:18]} Kh8 {[%clk 0:12:26]} 26. Bxc7
{[%clk 0:13:34]} Ng5 {[%clk 0:11:55]} 27. Bf4 {[%clk 0:09:43]} Nf7
{[%clk 0:12:08]} 28. Nb1 {[%clk 0:07:59]} Nxb1 29. Rbxb1 {[%clk 0:07:35]} Nd6
{[%clk 0:11:07]} 30. Qe2 {[%clk 0:05:03]} Kg8 {[%clk 0:08:04]} 31. Bb3
{[%clk 0:04:05]} h4 {[%clk 0:05:32]} 32. Rbc1 {[%clk 0:02:56]} Ra3
{[%clk 0:05:52]} 33. Rc6 {[%clk 0:02:33]} Rxb3 {[%clk 0:05:59]} 34. Rxd6
{[%clk 0:02:28]} Qd4 {[%clk 0:06:23]} 35. Rg1 {[%clk 0:01:15]} e3
{[%clk 0:06:07]} 36. Bh6 {[%clk 0:00:52]} Rf6 {[%clk 0:02:55]} 37. Bxg7
{[%clk 0:00:49]} Kxg7 {[%clk 0:03:19]} 38. Rd1 {[%clk 0:00:37]} Qb2
{[%clk 0:00:57]} 39. Rd7+ {[%clk 0:00:43]} Kg6 {[%clk 0:01:20]} 40. Qc4
{[%clk 0:30:35]} e2 {[%clk 0:30:33]} 41. Re1 {[%clk 0:25:12]} Qd2
{[%clk 0:22:35]} 42. Qxh4 {[%clk 0:23:27]} Rxb4 {[%clk 0:22:47]} 43. Qh7+
{[%clk 0:19:54]} Kg5 {[%clk 0:23:03]} 44. Rg7+ {[%clk 0:19:14]} Kf4
{[%clk 0:23:24]} 45. Qh4+ {[%clk 0:18:19]} Ke5 {[%clk 0:23:45]} 46. Re7+
{[%clk 0:15:59]} Kxd5 {[%clk 0:24:03]} 47. Qxf6 {[%clk 0:09:35]} Qxe1+
{[%clk 0:24:08]} 48. Kh2 {[%clk 0:10:02]} Qd1 {[%clk 0:17:52]} 49. Qxf5+
{[%clk 0:09:02]} Kc4 {[%clk 0:17:55]} 50. Re4+ {[%clk 0:03:51]} Kb3
{[%clk 0:18:06]} 51. Qe6+ {[%clk 0:03:25]} 1-0